Statistiques concernant 54 Pays, 54 Villes d'Afrique

Cliquez ici pour prendre le quiz!

Statistiques générales

  • Ce quiz a été pris 306 fois
  • Le résultat moyen est 28 sur 54

Statistiques - réponses

Code ISOVillePays% Correct
CIVAbidjanCôte d'Ivoire
93%
DJIDjiboutiDjibouti
91%
GNBBissauGuinée-Bissau
89%
STPSao ToméSao-Tomé-et-P.
86%
GINConakryGuinée
81%
SDNPort-SoudanSoudan
80%
TGOLoméTogo
74%
TZAZanzibarTanzanie
72%
TCDN'DjamenaTchad
72%
MLITombouctouMali
70%
MRTNouakchottMauritanie
69%
NAMWindhoekNamibie
67%
RWAKigaliRwanda
66%
CAFBanguiCentrafrique
63%
MARMeknèsMaroc
62%
CMRDoualaCameroun
61%
CPVPraiaCap-Vert
61%
COMMoroniComores
59%
ERIAsmaraErythrée
59%
LBRMonroviaLiberia
59%
ZMBLusakaZambie
58%
EGYPort-SaïdEgypte
57%
MDGAntisirananaMadagascar
57%
BWAGaboroneBotswana
56%
DZASétifAlgérie
55%
BENCotonouBénin
55%
SWZMbabaneEswatini
55%
SSDDjoubaSoudan du Sud
55%
LSOMaseruLesotho
54%
LBYBenghaziLibye
54%
MUSPort-LouisMaurice
53%
SYCVictoriaSeychelles
52%
GNQMalaboGuinée Equatoriale
50%
NGABenin CityNigeria
48%
BDIBujumburaBurundi
46%
KENMombasaKenya
43%
SENSaint-LouisSénégal
43%
TUNKairouanTunisie
43%
ZAFEast LondonAfrique du Sud
40%
COGPointe-NoireRép. du Congo
39%
AGOCabindaAngola
33%
BFABobo-DioulassoBurkina Faso
33%
GABPort-GentilGabon
33%
GHAKumasiGhana
30%
NERAgadezNiger
29%
CODKanangaR.D. Congo
29%
UGAEntebbeOuganda
28%
SOMHargeisaSomalie
28%
MWIBlantyreMalawi
24%
ZWEBulawayoZimbabwe
23%
ETHMekeleEthiopie
22%
GMBSerrekundaGambie
21%
MOZNampulaMozambique
20%
SLEBoSierra Leone
17%

Distribution des résultats

Percentile par nombre de réponses

% des personnes avec chaque résultat

Votre développement - résultats

Vous n’avez pas pris ce quiz